000 00834nam0a22002651 4500
001 rc\4966862
005 20130426164455.8
021 _aRU
_b[66-77358]
035 _a(NLR Aleph) 008961254
090 _a9065645
_c9065645
100 _a20130426d1966 |||y0rusy50 ca
101 0 _arus
102 _aRU
105 _aa z |||||
200 1 _aНоваторы предлагают
210 _aЛенинград
_cЛениздат
_d1966
215 _a120 с.
_cил.
_d16
225 1 _aПередовой опыт - всем!
606 _aМашиностроение
_xИзобретательство и рационализация
_2psbo
700 1 _aРешкин
_bВ. М.
_gВасилий Макарович
801 0 _aRU
_bNLR
_gpsbo
801 1 _aRU
_bELAR
_2rusmarc
852 _aNLR
_j66-2/2983
942 _cBOOK
980 _aNB